| 000 | 00548nam a22001815i 4500 | ||
|---|---|---|---|
| 001 | 68493 | ||
| 003 | ES-MaACL | ||
| 005 | 20230906170310.0 | ||
| 007 | t| | ||
| 008 | 960529s1892 sp ||||1| spa d | ||
| 040 |
_aCARM _bspa _cCCPB | SIC |
||
| 100 | 1 |
_aPgarcía. _991645 |
|
| 245 | 1 | 0 |
_aBosquejos lugareños / _cJosé García Martínez ; con un prólogo de O. Cuartero. |
| 260 |
_aMadrid : _b[s.n.], _c1892 ( _fTipografía de Alfredo Alonso) |
||
| 300 |
_aXIII, 208 p. ; _c18 cm. |
||
| 700 | 1 |
_aCuartero, O. _941916 |
|
| 852 |
_aES-MaACL _jC-3032 |
||
| 999 |
_c68493 _d68493 |
||